The avoidance of failures in brickwork cladding of multistorey concrete framed buildings (Record no. 87316)

MARC details
000 -LEADER
fixed length control field 00606cam a2200193 4500
001 - CONTROL NUMBER
control field D8857
008 - FIXED-LENGTH DATA ELEMENTS--GENERAL INFORMATION
fixed length control field 090401t1981 xxu||||| |||| 00| 0 eng d
035 ## - SYSTEM CONTROL NUMBER
System control number (Sirsi) u15825
041 ## - LANGUAGE CODE
Language code of text/sound track or separate title eng
050 ## - LIBRARY OF CONGRESS CALL NUMBER
Classification number 690.25
110 ## - MAIN ENTRY--CORPORATE NAME
Corporate name or jurisdiction name as entry element South Africa National Building Research Institute
9 (RLIN) 3076
245 #4 - TITLE STATEMENT
Title The avoidance of failures in brickwork cladding of multistorey concrete framed buildings
260 ## - PUBLICATION, DISTRIBUTION, ETC.
Place of publication, distribution, etc. Pretoria
Name of publisher, distributor, etc. South Africa National Building Research
Date of publication, distribution, etc. 1981
300 ## - PHYSICAL DESCRIPTION
Extent 12p. 30cm
350 ## - PRICE (NR) (BK AM CF MU VM SE) [OBSOLETE]
Price 0
710 ## - ADDED ENTRY--CORPORATE NAME
Corporate name or jurisdiction name as entry element Council of Scientific and Industrial Research
9 (RLIN) 3084
942 ## - ADDED ENTRY ELEMENTS (KOHA)
Suppress in OPAC 0
948 ## - LOCAL PROCESSING INFORMATION (OCLC); SERIES PART DESIGNATOR (RLIN)
c (OCLC) 04/03/1997
Holdings
Withdrawn status Lost status Source of classification or shelving scheme Damaged status Not for loan Home library Current library Shelving location Date acquired Total Checkouts Full call number Barcode Date last seen Copy number Price effective from Koha item type
    Dewey Decimal Classification     London London Pamphlets 14/08/1991   P690.25 30004565 06/08/2019 2 06/08/2019 Book